[Event "ROM-ch U12 Boys"]
[Site "Voineasa"]
[Date "2008.04.16"]
[Round "7"]
[White "Mereuta, Bogdan Catalin"]
[Black "Lupascu, Matei Alexandru"]
[Result "1-0"]
[WhiteElo "614"]
[BlackElo "599"]
[PlyCount "59"]
[EventDate "2008.04.08"]
[EventType "swiss"]
[EventRounds "9"]
[EventCountry "ROU"]
[SourceTitle "EXT 2013"]
[Source "ChessBase"]
[SourceDate "2012.11.22"]
[SourceVersion "1"]
[SourceVersionDate "2012.11.22"]
[SourceQuality "1"]

1. e4 c5 2. Nf3 e6 3. Nc3 Nc6 4. d4 cxd4 5. Nxd4 d6 6. Nxc6 bxc6 7. Bd3 d5 8. exd5 cxd5 9. 0-0 Bc5 10. Re1 Nf6 11. Bb5+ Bd7 12. Bxd7+ Qxd7 13. Bg5 Rd8 14. Bxf6 gxf6 15. Qf3 f5 16. Qxf5 Be7 17. Qf3 h5 18. Re5 d4 19. Ne4 f5 20. Nd2 Kf7 21. Rae1 Rh6 22. Qb3 Rf6 23. Nf3 Rg8 24. Qc4 Rgg6 25. Nxd4 Bd6 26. Rxf5 Rxf5 27. Nxf5 Ke8 28. Ne3 Qe7 29. Rd1 Bxh2+ 30. Kxh2 1-0